Television advertising ethics and human rights / (Record no. 169121)
[ view plain ]
| 000 -LEADER | |
|---|---|
| fixed length control field | 00684nam a2200193 4500 |
| 005 - DATE AND TIME OF LATEST TRANSACTION | |
| control field | 20191106145912.0 |
| 010 ## - LCCN (DPL NO) | |
| LC control number | ENG-126836 |
| 020 ## - INTERNATIONAL STANDARD BOOK NUMBER | |
| Terms of availability | 795.00 |
| International Standard Book Number | 9789386262714 |
| 035 ## - SYSTEM CONTROL NUMBER | |
| System control number | EN-110368 |
| 037 ## - SOURCE OF ACQUISITION | |
| Source of stock number/acquisition | DBAD/PUB |
| 082 ## - DEWEY DECIMAL CLASSIFICATION NUMBER | |
| Classification number | 659.143 |
| 100 ## - MAIN ENTRY--PERSONAL NAME | |
| Personal name | Pathak, Juhi P. |
| 245 ## - TITLE STATEMENT | |
| Title | Television advertising ethics and human rights / |
| Statement of responsibility, etc | by Juhi P.Pathak |
| 260 ## - PUBLICATION, DISTRIBUTION, ETC. (IMPRINT) | |
| Place of publication, distribution, etc | Delhi |
| Name of publisher, distributor, etc | Shipra Publication |
| Date of publication, distribution, etc | 2018 |
| 270 ## - ADDRESS | |
| Address | LF 18-19, Pankaj Central Market, I.P.Extention, Patparganj, Delhi |
| Postal code | 110092 |
| Telephone number | 011-22235152/6152 |
| Electronic mail address | info@shiprapublication.com |
| 300 ## - PHYSICAL DESCRIPTION | |
| Extent | xii;168p. |
| Dimensions | 22cm(Hb) |
| 500 ## - GENERAL NOTE | |
| General note | Includes bibliographical references and index |
| 942 ## - ADDED ENTRY ELEMENTS (KOHA) | |
| Source of classification or shelving scheme | Dewey Decimal Classification |
| Item type | English Books |
| Classification part | 659.143 |
| Call number suffix | PAT |
| Withdrawn status | Lost status | Not for loan | Collection code | Home library | Current library | Date acquired | Source of acquisition | Cost, normal purchase price | Full call number | Barcode | Copy number | Cost, replacement price | Koha item type |
|---|---|---|---|---|---|---|---|---|---|---|---|---|---|
| Non-fiction | Sarojini Nagar | Sarojini Nagar | 06/11/2019 | DBAD/PUB | 900.00 | 659.143 PAT | EN-110368 | 1 | 900.00 | English Books |
